2018 Tour de France Countries - Statistics

General Stats
  • This quiz has been taken 85 times
    76 since last reset
  • The average score is 26 of 30
Answer Stats
Continent Riders Country % Correct
Europe 35 France
99%
Oceania 11 Australia
97%
Europe 5 Great Britain
97%
North America 5 United States
97%
Europe 19 Belgium
94%
Europe 11 Germany
94%
Europe 13 Italy
94%
South America 1 Argentina
93%
Europe 13 Spain
93%
South America 6 Colombia
91%
Europe 5 Denmark
91%
Europe 5 Poland
91%
Africa 3 South Africa
91%
Europe 3 Austria
90%
Europe 14 Netherlands
90%
Oceania 4 New Zealand
89%
Europe 4 Switzerland
89%
Europe 1 Ireland
87%
Europe 1 Sweden
87%
Europe 3 Norway
84%
Europe 2 Russia
83%
Europe 2 Slovenia
83%
Europe 2 Estonia
81%
Europe 1 Slovakia
81%
Europe 2 Croatia
77%
Europe 1 Latvia
77%
Europe 1 Luxembourg
76%
Asia 1 Kazakhstan
73%
Africa 1 Ethiopia
71%
North America 1 Costa Rica
70%
No matching quizzes found
Score Distribution
Percent of People with Each Score
Percentile by Number Answered
Your Score History
You have not taken this quiz since the last reset